Central Library OPAC University of Rajshahi

Principles of alternating currents / (Record no. 73297)

MARC details
000 -LEADER
fixed length control field 00875nam a2200265 a 4500
001 - CONTROL NUMBER
control field 73297
003 - CONTROL NUMBER IDENTIFIER
rucl marc code BD-RjUL
005 - DATE AND TIME OF LATEST TRANSACTION
control field 20211209082356.0
008 - FIXED-LENGTH DATA ELEMENTS--GENERAL INFORMATION
fixed length control field 170530s1959 enk 001 0 eng d
035 ## - SYSTEM CONTROL NUMBER
System control number (BD-RjUL)73515
040 ## - CATALOGING SOURCE
Original cataloging agency UKM
Transcribing agency UKM
Modifying agency EQO
-- BD-RjUL
Language of cataloging eng
041 ## - LANGUAGE CODE
Language code of text/sound track or separate title eng
082 04 - DEWEY DECIMAL CLASSIFICATION NUMBER
Classification number 621.3133
Edition number 23
Author mark and year SLP 1959
100 1# - MAIN ENTRY--PERSONAL NAME
Personal name Sluckin, W.
9 (RLIN) 216804
245 10 - TITLE STATEMENT
Title Principles of alternating currents /
Statement of responsibility, etc. W Sluckin and J R Greener
250 ## - EDITION STATEMENT
Edition statement 2nd ed.
260 ## - PUBLICATION, DISTRIBUTION, ETC. (IMPRINT)
Name of publisher, distributor, etc. Cleaver-Hume Press,
Date of publication, distribution, etc. 1959.
300 ## - PHYSICAL DESCRIPTION
Pagination 338 p. :
Illustrations ill. ;
Size 20 cm.
490 ## - SERIES STATEMENT
Series statement Cleaver-Hume electrical series,
Volume/sequential designation no. 3
500 ## - GENERAL NOTE
General note With answers to numerical questions. Previous ed. (B51-13734), by Wladyslaw Sluckin, 1951.
650 ## - SUBJECT ADDED ENTRY--TOPICAL TERM
Topical term or geographic name as entry element Electric currents, Alternating
9 (RLIN) 216805
700 1# - ADDED ENTRY--PERSONAL NAME
Personal name Greener, John Rochester.
830 #0 - SERIES ADDED ENTRY--UNIFORM TITLE
Uniform title Electrical series ;
Volume number/sequential designation no. 3
942 ## - ADDED ENTRY ELEMENTS (KOHA)
Source of classification or shelving scheme Dewey Decimal Classification
Koha item type Books
Holdings
Lost status Source of classification or shelving scheme Damaged status Not for loan Collection code Permanent Location Current Location Shelving location Date acquired Source of acquisition Cost, normal purchase price Total Checkouts Full call number Date last seen Copy number Koha item type
  Dewey Decimal Classification   Not For Loan Non-fiction Central Library, University of Rajshahi Central Library, University of Rajshahi   04/07/1956 Zeitlinger 45.00   621.3133 SLP 1959 30/05/2017 C-1 Books